000 00559nmm a2200169Ia 4500
008 251105s9999||||xx |||||||||||||||||und||
020 _a9789587382600
041 _aspa
100 _aGarcía Sánchez, Lilia Virginia
245 0 _aInterrelaciones en procesos terapéuticos: una mirada a la fisioterapia
264 _a[Bogotá, Colombia] :
_bUniversidad del Rosario,
_c2012
300 _a122 páginas
490 _aTextos de medicina y de ciencias humanas
650 _aMedicine
856 _uhttps://public.digitaliapublishing.com/a/18992
942 _cCF
999 _c95719
_d95719